[Event "24th ch-EUR Indiv w 2024"]
[Site "Rhodes GRE"]
[Date "2024.04.25"]
[Round "6.38"]
[White "Socko, Monika"]
[Black "Allahverdiyeva, Ayan"]
[Result "1-0"]
[WhiteTitle "GM"]
[BlackTitle "WIM"]
[WhiteElo "2428"]
[BlackElo "2152"]
[WhiteFideId "1106619"]
[BlackFideId "13412590"]
[EventDate "2024.04.19"]

1. e4 c5 2. Nf3 d6 3. d4 cxd4 4. Qxd4 Nc6 5. Bb5 Bd7 6. Qd3 Nf6 7. Bg5 e6 8. Nc3
Rc8 9. O-O-O Nb4 10. Bxd7+ Nxd7 11. Qb5 Qb6 12. Qa4 Rc4 13. Be3 Qa6 14. Qxa6
Nxa6 15. Rhe1 Be7 16. Nd2 Rc8 17. Nb3 Nac5 18. Bxc5 Nxc5 19. Nb5 Nxb3+ 20. axb3
Kd7 21. Nxa7 Rc5 22. c4 h5 23. Nb5 Kc6 24. Rd3 Rd8 25. Red1 g5 26. Rf3 Rf8 27.
Kc2 g4 28. Rfd3 Rd8 29. Rd4 Rg5 30. b4 Rgg8 31. R4d3 Rh8 32. Kb3 Rhg8 33. Ra1
Rg5 34. Ra5 Kb6 35. Nxd6 Rxa5 36. bxa5+ Kc6 37. c5 Bxd6 1-0

[Event "24th ch-EUR Indiv w 2024"]
[Site "Rhodes GRE"]
[Date "2024.04.25"]
[Round "6.39"]
[White "Danielian, Elina"]
[Black "Manakova, Maria"]
[Result "1-0"]
[WhiteTitle "GM"]
[BlackTitle "WGM"]
[WhiteElo "2397"]
[BlackElo "2148"]
[WhiteFideId "13300210"]
[BlackFideId "927007"]
[EventDate "2024.04.19"]

1. d4 Nf6 2. c4 g6 3. g3 Bg7 4. Bg2 d5 5. cxd5 Nxd5 6. e4 Nb6 7. Ne2 O-O 8. O-O
Nc6 9. d5 Ne5 10. Nbc3 c6 11. f4 Ned7 12. dxc6 bxc6 13. e5 Bb7 14. Be3 Nc4 15.
Bf2 Ndb6 16. Qc1 Bh6 17. Rd1 Qc8 18. Qc2 c5 19. Ne4 Qf5 20. N2c3 Rac8 21. b3 Na5
22. Qe2 c4 23. b4 Nc6 24. a3 Rfd8 25. Bf3 g5 26. g4 Qg6 27. f5 Qg7 28. f6 exf6
29. exf6 Qf8 30. Bc5 Qe8 31. Nd6 Qxe2 32. Nxe2 Rxd6 33. Bxd6 Nd8 34. Bxb7 Nxb7
35. Be7 Bf8 36. a4 c3 37. a5 c2 38. Rd2 Nc4 39. Rxc2 Ncd6 40. Rxc8 Nxc8 41. Rc1
Nbd6 42. Rc7 1-0

[Event "24th ch-EUR Indiv w 2024"]
[Site "Rhodes GRE"]
[Date "2024.04.25"]
[Round "6.40"]
[White "Yao, Lan"]
[Black "Olde, Margareth"]
[Result "1/2-1/2"]
[WhiteTitle "WGM"]
[BlackTitle "WIM"]
[WhiteElo "2370"]
[BlackElo "2146"]
[WhiteFideId "8610835"]
[BlackFideId "4503082"]
[EventDate "2024.04.19"]

1. e4 c5 2. Nf3 e6 3. d4 cxd4 4. Nxd4 a6 5. c4 Nf6 6. Nc3 Qc7 7. a3 b6 8. Be3
Bb7 9. f3 Nc6 10. Be2 Be7 11. Rc1 O-O 12. O-O Bd6 13. f4 Nxd4 14. Qxd4 Bc5 15.
Qd3 e5 16. f5 Bxe3+ 17. Qxe3 Qc5 18. Qxc5 bxc5 19. Bf3 a5 20. g4 h6 21. Kf2 Bc6
22. Ke3 Rab8 23. Rf2 g5 24. fxg6 fxg6 25. Rcf1 Ne8 26. Bd1 Rf4 27. Rxf4 exf4+
28. Rxf4 Rxb2 29. h4 Nd6 30. e5 Nf7 31. Ne4 Nxe5 32. Nxc5 Ra2 33. a4 Ra3+ 34.
Kd2 d6 35. Ne6 Bxa4 36. Be2 Bd7 37. Rf6 Ra2+ 38. Ke3 Rc2 39. Nd4 Rb2 40. Rxd6
Bxg4 41. Rd8+ Kf7 42. Bxg4 Nxg4+ 43. Kf4 Nf6 44. c5 g5+ 45. hxg5 hxg5+ 46. Ke5
Rb1 47. c6 Rc1 48. Kd6 Ne8+ 49. Kd5 g4 50. Rb8 g3 51. Rb2 a4 52. Rg2 Nf6+ 53.
Ke5 Rc5+ 54. Kf4 Rc4 55. Ke3 Ng4+ 56. Ke4 Nf6+ 57. Kd3 Rc5 58. Rxg3 Nd5 59. Rg1
Nb4+ 60. Ke4 a3 61. Rf1+ Ke8 62. Rf8+ Kxf8 63. Ne6+ Ke7 64. Nxc5 Kd6 65. Nb3
Kxc6 66. Kd4 Kb5 67. Kc3 Nd5+ 68. Kc2 Kc4 69. Na5+ Kb4 70. Nc6+ Ka4 71. Nd4 Ne3+
72. Kb1 Nd1 73. Nc2 Nc3+ 74. Ka1 a2 75. Kb2 Nd5 76. Kxa2 Nb4+ 77. Nxb4 Kxb4 1/2-1/2

[Event "24th ch-EUR Indiv w 2024"]
[Site "Rhodes GRE"]
[Date "2024.04.25"]
[Round "6.41"]
[White "Kochavi, Dana"]
[Black "Matnadze Bujiashvili, Ann"]
[Result "1-0"]
[WhiteTitle "WFM"]
[BlackTitle "IM"]
[WhiteElo "2084"]
[BlackElo "2365"]
[WhiteFideId "2837137"]
[BlackFideId "13601377"]
[EventDate "2024.04.19"]

1. e4 c6 2. Nc3 d5 3. Nf3 g6 4. d4 Bg7 5. Be2 Nh6 6. Bf4 dxe4 7. Nxe4 Nf5 8. c3
O-O 9. Qd2 a5 10. Ng3 a4 11. Nxf5 Bxf5 12. Bh6 Qd5 13. h4 Bg4 14. h5 gxh5 15.
Ne5 Qe6 16. Bxg7 Kxg7 17. Bxg4 hxg4 18. Qg5+ Kh8 19. Rh6 f6 20. Qh5 Qg8 21. Ng6+
Kg7 22. Nxf8 Kxf8 23. Rxh7 Qe6+ 24. Kd2 1-0

[Event "24th ch-EUR Indiv w 2024"]
[Site "Rhodes GRE"]
[Date "2024.04.25"]
[Round "6.42"]
[White "Tashkinova, Sofiia"]
[Black "Zawadzka, Jolanta"]
[Result "0-1"]
[BlackTitle "WGM"]
[WhiteElo "2066"]
[BlackElo "2351"]
[WhiteFideId "14188309"]
[BlackFideId "1122320"]
[EventDate "2024.04.19"]

1. e4 c6 2. Nf3 d5 3. Nc3 Bg4 4. d4 Nf6 5. e5 Nfd7 6. Be2 e6 7. Ng5 Bf5 8. Bg4
h6 9. Nxe6 Bxe6 10. Bxe6 fxe6 11. Qh5+ Ke7 12. Qh4+ Nf6 13. exf6+ gxf6 14. O-O
Kd7 15. Ne2 Na6 16. Nf4 f5 17. Qh5 Qe8 18. Qe2 Bd6 19. Re1 Nc7 20. Nd3 Qe7 21.
Bf4 Bxf4 22. Nxf4 Rhg8 23. Nd3 Rae8 24. a4 Kc8 25. Ne5 Qg5 26. f3 Rg7 27. Rf1
Reg8 28. Rf2 h5 29. b4 a6 30. f4 Qe7 31. Rb1 h4 32. Nf3 Kb8 33. Ng5 Ka7 34. Rf3
Qd6 35. Qe5 Qxe5 36. dxe5 d4 37. Rd3 Nd5 38. g3 hxg3 39. hxg3 Re7 40. Kf2 Rh8
41. Kg1 a5 42. bxa5 c5 43. Rb5 Rc8 44. Rd2 Rc6 45. Kg2 Nc3 46. Rb3 Ka6 47. Kf3
Kxa5 48. Rh2 c4 49. Ra3 Kb4 50. Ra1 Nxa4 51. Rh8 b5 52. Rd8 d3 53. cxd3 c3 54.
Ke3 Kb3 55. Rb8 b4 56. Nf3 Rd7 57. Rb5 Nb2 58. Nd4+ Rxd4 59. Kxd4 c2 60. Rc5
Rxc5 61. Kxc5 Nxd3+ 62. Kd6 Kb2 63. Rf1 c1=Q 64. Rxc1 Kxc1 65. Kxe6 b3 66. Kf7
Nc5 67. e6 Nxe6 68. Kxe6 b2 69. Kxf5 b1=Q+ 70. Kf6 Kd2 71. f5 Qe4 72. Kg5 Qe3+
73. Kf6 Qxg3 74. Kf7 Qc7+ 75. Kg6 Qe7 76. f6 Qf8 77. f7 0-1

[Event "24th ch-EUR Indiv w 2024"]
[Site "Rhodes GRE"]
[Date "2024.04.25"]
[Round "6.43"]
[White "Heinemann, Josefine"]
[Black "Alexieva, Silvia"]
[Result "1-0"]
[WhiteTitle "WGM"]
[BlackTitle "IM"]
[WhiteElo "2303"]
[BlackElo "2144"]
[WhiteFideId "12900460"]
[BlackFideId "2902265"]
[EventDate "2024.04.19"]

1. e4 c5 2. Nf3 e6 3. c3 Nf6 4. e5 Nd5 5. d4 cxd4 6. cxd4 d6 7. Bc4 Be7 8. O-O
O-O 9. Qe2 b6 10. Rd1 Bb7 11. Bxd5 exd5 12. Nc3 Na6 13. a3 Nc7 14. Qd3 h6 15.
Qf5 Bc8 16. Qh5 Qd7 17. Bf4 Rd8 18. Re1 Qg4 19. Qxg4 Bxg4 20. exd6 Bxd6 21. Bxd6
Rxd6 22. Re7 Rd7 23. Rxd7 Bxd7 24. Ne5 Rd8 25. Rc1 Be8 26. f3 f6 27. Ng4 Ne6 28.
Rd1 Kf7 29. Kf2 Bc6 30. h4 Rd7 31. g3 Nc7 32. h5 Rd6 33. Ne3 Bd7 34. Rd2 Ke8 35.
Ng2 Kd8 36. Nf4 Be8 37. Nd1 Ne6 38. Nxe6+ Rxe6 39. g4 Bd7 40. Ne3 Rd6 41. Kg3
Be6 42. Rc2 Bd7 43. Kf4 Bb5 44. Rc3 Be2 45. Nf5 Rd7 46. Re3 Bd1 47. Rc3 Be2 48.
b4 Bc4 49. Re3 Ba2 50. a4 Bb1 51. Rc3 Ke8 52. a5 bxa5 53. bxa5 a6 54. Rc5 Ba2
55. Rc6 Bc4 56. Ke3 Bf1 57. Kd2 Kf7 58. Ne3 Bb5 59. Rb6 Kf8 60. Ng2 Ke7 61. Nh4
Kd8 62. Rb8+ Kc7 63. Re8 Rf7 64. Re6 Bc6 65. Re3 Bd7 66. Rc3+ Kd6 67. Rb3 Kc7
68. Rb6 Bc8 69. Nf5 Rf8 70. Nxg7 f5 71. gxf5 Bxf5 72. Rxa6 Bd7 73. Ke3 Rf7 74.
Ne6+ Kc8 75. Nc5 Re7+ 76. Kf2 Rf7 77. Ra8+ Kc7 78. Ra7+ Kd6 79. Rxd7+ 1-0

[Event "24th ch-EUR Indiv w 2024"]
[Site "Rhodes GRE"]
[Date "2024.04.25"]
[Round "6.44"]
[White "Peycheva, Gergana"]
[Black "Polterauer, Chiara"]
[Result "1-0"]
[WhiteTitle "FM"]
[BlackTitle "WFM"]
[WhiteElo "2295"]
[BlackElo "2141"]
[WhiteFideId "2916711"]
[BlackFideId "1638165"]
[EventDate "2024.04.19"]

1. e4 e5 2. Nf3 Nc6 3. Nc3 Nf6 4. h3 d5 5. exd5 Nxd5 6. Bb5 Nxc3 7. bxc3 Bd6 8.
O-O O-O 9. d4 exd4 10. cxd4 Bf5 11. c4 a6 12. Ba4 Na5 13. c5 Be7 14. Re1 Bf6 15.
Bf4 b5 16. Bc2 Bxc2 17. Qxc2 Nc6 18. Rad1 Nb4 19. Qb3 Nd5 20. Be5 c6 21. Re4 Re8
22. Rde1 Qd7 23. Bxf6 Rxe4 24. Rxe4 Nxf6 25. Ne5 Qb7 26. Rf4 Rf8 27. Rf5 Rd8 28.
Qg3 Kf8 29. Qh4 Ke7 30. Qg5 Qc8 31. Qxg7 Qe6 32. Nxc6+ Qxc6 33. Re5+ Qe6 34.
Rxe6+ Kxe6 35. Qg3 Rxd4 36. Qc7 Rd5 37. Qc8+ Ke7 38. c6 Ne8 39. c7 Rd7 40. Qxe8+ 1-0

[Event "24th ch-EUR Indiv w 2024"]
[Site "Rhodes GRE"]
[Date "2024.04.25"]
[Round "6.45"]
[White "Berend, Elvira"]
[Black "Dwilewicz, Katarzyna"]
[Result "1/2-1/2"]
[WhiteTitle "WGM"]
[BlackTitle "WFM"]
[WhiteElo "2260"]
[BlackElo "2130"]
[WhiteFideId "4000510"]
[BlackFideId "1148486"]
[EventDate "2024.04.19"]

1. d4 Nf6 2. Nf3 d5 3. g3 c5 4. c3 Nc6 5. Bg2 Bf5 6. O-O e6 7. Na3 a6 8. Nc2 Bd6
9. dxc5 Bxc5 10. Ncd4 Be4 11. Nxc6 bxc6 12. Qa4 Qb6 13. Ne5 Rc8 14. Nd3 Bd6 15.
Bg5 Bxg2 16. Kxg2 Nd7 17. Be3 Qb7 18. Qg4 g6 19. Bh6 f5 20. Qa4 e5 21. Rab1 Kf7
22. f3 Nb6 23. Qd1 Qe7 24. Qc1 e4 25. Nf2 Rhe8 26. Bg5 Qe6 27. fxe4 dxe4 28. Be3
Nd5 29. Nh3 Kg8 30. Qd2 Rcd8 31. Rbd1 Bc7 32. Qc1 Rf8 33. Bg5 Rd7 34. c4 Nb6 35.
b3 Be5 36. Be3 Rxd1 37. Rxd1 Nd7 38. Qd2 Nf6 39. Bf4 Ng4 40. Qd7 Qxd7 41. Rxd7
Rf7 42. Rd8+ Rf8 43. Rd7 Rf7 44. Rd8+ 1/2-1/2

[Event "24th ch-EUR Indiv w 2024"]
[Site "Rhodes GRE"]
[Date "2024.04.25"]
[Round "6.46"]
[White "Kakulidis, Ellen"]
[Black "Mandura, Tijana"]
[Result "0-1"]
[WhiteTitle "WFM"]
[BlackTitle "WIM"]
[WhiteElo "2062"]
[BlackElo "2218"]
[WhiteFideId "1444972"]
[BlackFideId "16500270"]
[EventDate "2024.04.19"]

1. d4 d5 2. c4 e6 3. g3 Nf6 4. Bg2 Nc6 5. Nf3 Bd6 6. O-O O-O 7. Nc3 dxc4 8. e4
e5 9. d5 Na5 10. b3 b6 11. Nd2 cxb3 12. axb3 Bg4 13. Qc2 Nb7 14. Nc4 Nd7 15. Nb5
a6 16. Nbxd6 cxd6 17. f4 exf4 18. Bxf4 b5 19. Ne3 Bh5 20. Kh1 g5 21. Qf2 Bg6 22.
Nf5 Bxf5 23. exf5 gxf4 24. Qxf4 f6 25. g4 Ne5 26. h4 Rf7 27. g5 Rg7 28. gxf6
Qxf6 29. Bh3 Kh8 30. Rg1 Rxg1+ 31. Rxg1 Rg8 32. Rg5 Nc5 33. Qe3 h6 34. Rg6 Rxg6
35. fxg6 Qxg6 36. Qf4 Qe4+ 37. Qxe4 Nxe4 38. b4 Nf2+ 0-1

[Event "24th ch-EUR Indiv w 2024"]
[Site "Rhodes GRE"]
[Date "2024.04.25"]
[Round "6.47"]
[White "Toma, Katarzyna"]
[Black "Orian, Noga"]
[Result "1-0"]
[WhiteTitle "WGM"]
[BlackTitle "WFM"]
[WhiteElo "2202"]
[BlackElo "2099"]
[WhiteFideId "1119907"]
[BlackFideId "2836475"]
[EventDate "2024.04.19"]

1. e4 c5 2. Nf3 e6 3. d4 cxd4 4. Nxd4 a6 5. Bd3 Bc5 6. Nb3 Ba7 7. Qe2 Ne7 8. c4
O-O 9. Nc3 Nbc6 10. O-O d5 11. cxd5 exd5 12. Bg5 d4 13. Nd5 Be6 14. Nf6+ gxf6
15. Bxf6 Bb8 16. e5 Nxe5 17. Bxh7+ Kxh7 18. Qh5+ 1-0

[Event "24th ch-EUR Indiv w 2024"]
[Site "Rhodes GRE"]
[Date "2024.04.25"]
[Round "6.48"]
[White "Szente Varga, Fruzsina"]
[Black "Pavlidou, Ekaterini"]
[Result "1-0"]
[WhiteTitle "WFM"]
[BlackTitle "WIM"]
[WhiteElo "2025"]
[BlackElo "2201"]
[WhiteFideId "712264"]
[BlackFideId "4213262"]
[EventDate "2024.04.19"]

1. e4 c5 2. Nc3 Nc6 3. Bb5 Nd4 4. Nf3 e6 5. O-O a6 6. Bd3 Nc6 7. b3 d6 8. Bb2 e5
9. Re1 Bg4 10. h3 h5 11. Nd5 Be6 12. c3 f5 13. Ng5 Bxd5 14. exd5 Qxg5 15. dxc6
bxc6 16. f4 Qxf4 17. Rf1 Qh6 18. Bxf5 Nf6 19. d4 e4 20. Bc1 g5 21. h4 Nh7 22.
Bxe4 O-O-O 23. Qe2 Qg7 24. Bxc6 Kc7 25. Qxa6 Rb8 26. Rf7+ Qxf7 27. Qa7+ Kxc6 28.
Qxf7 gxh4 29. dxc5 Rb7 30. Qe8+ Rd7 31. Qe4+ Kc7 32. Bf4 Nf6 33. Qd4 1-0

[Event "24th ch-EUR Indiv w 2024"]
[Site "Rhodes GRE"]
[Date "2024.04.25"]
[Round "6.49"]
[White "Dornbusch, Tatiana"]
[Black "Abdinova, Narmin"]
[Result "1/2-1/2"]
[WhiteTitle "WGM"]
[WhiteElo "2199"]
[BlackElo "2087"]
[WhiteFideId "14107449"]
[BlackFideId "13425340"]
[EventDate "2024.04.19"]

1. d4 Nf6 2. Nf3 e6 3. g3 c5 4. c4 cxd4 5. Nxd4 d5 6. Bg2 e5 7. Nf3 Nc6 8. cxd5
Bb4+ 9. Bd2 Nxd5 10. O-O e4 11. Ne1 Bf5 12. Bxb4 Ndxb4 13. Nc3 Qe7 14. a3 Na6
15. b4 Rd8 16. Qc1 Nd4 17. Qe3 O-O 18. Rd1 Qe5 19. Nf3 Nxf3+ 20. exf3 Rc8 21.
Rc1 Rc4 22. fxe4 Rfc8 23. Nd5 Rxc1 24. Rxc1 Rxc1+ 25. Qxc1 Be6 26. Qc3 Qd6 27.
e5 Qd7 28. Ne3 h6 29. f4 g6 30. Qc1 Nc7 31. Qd1 Qc8 32. Qd3 a6 33. a4 Ne8 34.
Kf2 Kh7 35. Be4 Ng7 36. Qc2 Qd7 37. Qd1 Qe7 38. Qd6 Qe8 39. Bxb7 Qxa4 40. Bxa6
Qa2+ 41. Be2 Nf5 42. Nxf5 Bxf5 43. b5 Qb2 44. Qd5 Be6 45. Qd3 Bf5 46. Qe3 Bg4
47. Qd3 Bf5 48. Qd1 Bg4 49. Ke3 Qc3+ 50. Qd3 Qe1 51. Qd2 Qg1+ 52. Kd3 Bf5+ 53.
Kc4 Qf2 54. Qd1 Qxh2 55. Qe1 Qg2 56. Kc5 Qb7 57. Qd2 Qa7+ 58. b6 Qa3+ 59. Kb5
Qb3+ 60. Kc6 Qe6+ 61. Qd6 Qa2 62. Bb5 Qa8+ 63. Kc5 Qa3+ 64. Kd4 Qb2+ 65. Kc5
Qa3+ 66. Kc6 Qa8+ 67. b7 Be4+ 68. Kc5 Qxb7 69. Qd7 Qxd7 70. Bxd7 h5 71. Kd6 Bc2
72. Ke7 Kg7 73. Bc6 Bb3 74. Be4 Kh7 75. Bd3 Kg7 76. Bb5 Ba2 77. Be8 Bc4 78. Bd7
Bb3 79. f5 gxf5 80. Bxf5 Bc4 81. Be4 1/2-1/2

[Event "24th ch-EUR Indiv w 2024"]
[Site "Rhodes GRE"]
[Date "2024.04.25"]
[Round "6.50"]
[White "Nilssen, Ellen Fredericia"]
[Black "Tsirulnik, Maritsa"]
[Result "1/2-1/2"]
[WhiteTitle "WFM"]
[WhiteElo "2195"]
[BlackElo "2082"]
[WhiteFideId "1441230"]
[BlackFideId "14118688"]
[EventDate "2024.04.19"]

1. d4 Nf6 2. c4 e6 3. Nc3 Bb4 4. f3 c5 5. d5 b5 6. e4 bxc4 7. Bxc4 exd5 8. exd5
O-O 9. Ne2 d6 10. O-O Nbd7 11. Bg5 h6 12. Bh4 Ne5 13. Bb5 Ng6 14. Bf2 Bb7 15. a3
Ba5 16. Qa4 Bxc3 17. Nxc3 a6 18. Bc4 Ne5 19. Rfe1 Nxc4 20. Qxc4 Re8 21. Bh4 g5
22. Bg3 Qd7 23. Qd3 Rxe1+ 24. Rxe1 Rf8 25. Re3 Re8 26. h4 Kg7 27. b4 cxb4 28.
axb4 Rxe3 29. Qxe3 Kg6 30. hxg5 hxg5 31. Qb6 Nxd5 32. Nxd5 Bxd5 33. Bxd6 Qe6 34.
Bc7 1/2-1/2

[Event "24th ch-EUR Indiv w 2024"]
[Site "Rhodes GRE"]
[Date "2024.04.25"]
[Round "6.51"]
[White "Kirtadze, Anastasia"]
[Black "Gaboyan, Susanna"]
[Result "1/2-1/2"]
[WhiteTitle "WFM"]
[BlackTitle "WIM"]
[WhiteElo "2044"]
[BlackElo "2192"]
[WhiteFideId "13622714"]
[BlackFideId "13303627"]
[EventDate "2024.04.19"]

1. e4 c5 2. Nf3 Nc6 3. Bb5 g6 4. O-O Bg7 5. c3 Nf6 6. Re1 O-O 7. d4 d5 8. e5 Ne4
9. Bxc6 bxc6 10. Be3 Rb8 11. Qc1 Qb6 12. b3 cxd4 13. cxd4 f6 14. Nc3 Qa5 15.
exf6 exf6 16. Nxe4 dxe4 17. Bf4 Rb7 18. Rxe4 Qd5 19. Qc4 Bg4 20. Qxd5+ cxd5 21.
Re3 Rc8 22. Rae1 Rc2 23. R3e2 Rc3 24. Bd6 h5 25. Re3 Rxe3 26. Rxe3 Kf7 27. h3
Bf5 28. Bc5 Bb1 29. a3 Bf5 30. b4 g5 31. Nh2 g4 32. hxg4 hxg4 33. Nf1 Bh6 34.
Rc3 Bf4 35. Ne3 Be6 36. Nf1 Bd7 37. Ne3 Be6 38. a4 a6 39. Rb3 Bd7 40. Ra3 Bxe3
41. fxe3 Bc6 42. Kf2 Ke6 43. Kg3 Kf5 44. b5 axb5 45. a5 b4 46. Rb3 Bb5 47. Rxb4
Ba6 48. Bb6 Re7 49. Rb3 Bc4 50. Ra3 Ba6 51. Bc5 Rb7 52. Ra2 Rb3 53. Kh4 Rxe3 54.
Rf2+ Ke6 55. Rb2 Kf5 56. Rf2+ Ke6 57. Kxg4 Re2 58. Rxe2+ Bxe2+ 59. Kf4 Bc4 60.
Kg4 Be2+ 61. Kh4 Bd3 62. Kh5 Bf1 63. Kg6 f5 64. Kg7 Kd7 65. g3 Kc6 66. Kf6 Bd3
67. Ke6 Kb5 68. Kxd5 Kxa5 69. Kc6 Be4+ 70. d5 Ka6 71. Be3 Bf3 72. Kd6 Kb7 73.
Ke6 f4 74. Bxf4 Bg4+ 75. Kf6 Kc8 76. Kg5 Bf3 77. d6 Kd7 78. Kf5 Be2 79. g4 Ke8
80. g5 Bd3+ 81. Kf6 Bc2 82. g6 Bd3 83. Kg7 Bc2 84. Kh6 Bb3 85. Kg7 Bc2 86. Kf6
Bd3 87. Kg5 Bc2 88. Kh6 Bb3 89. Kg7 Bc2 90. Kf6 1/2-1/2

[Event "24th ch-EUR Indiv w 2024"]
[Site "Rhodes GRE"]
[Date "2024.04.25"]
[Round "6.52"]
[White "Rzali, Sabina"]
[Black "Terbe, Zsuzsanna"]
[Result "1/2-1/2"]
[WhiteTitle "WCM"]
[BlackTitle "WIM"]
[WhiteElo "2039"]
[BlackElo "2174"]
[WhiteFideId "13410920"]
[BlackFideId "708801"]
[EventDate "2024.04.19"]

1. e4 e5 2. Nf3 Nc6 3. Bb5 a6 4. Ba4 Nf6 5. O-O d6 6. Bxc6+ bxc6 7. d4 exd4 8.
Qxd4 Be7 9. Nc3 O-O 10. Bg5 h6 11. Bh4 Rb8 12. b3 c5 13. Qd3 Bb7 14. Rfe1 Re8
15. Bg3 Nh5 16. Rad1 Nxg3 17. hxg3 Bf6 18. Nd5 Bxd5 19. Qxd5 Qe7 20. Re3 a5 21.
Rde1 Be5 22. Nxe5 Qxe5 23. Qxe5 1/2-1/2

[Event "24th ch-EUR Indiv w 2024"]
[Site "Rhodes GRE"]
[Date "2024.04.25"]
[Round "6.53"]
[White "Tsetskhladze, Mariam"]
[Black "Eric, Jovana"]
[Result "1/2-1/2"]
[WhiteTitle "WCM"]
[BlackTitle "WGM"]
[WhiteElo "1955"]
[BlackElo "2162"]
[WhiteFideId "13623834"]
[BlackFideId "938238"]
[EventDate "2024.04.19"]

1. e4 c5 2. Nf3 d6 3. Bb5+ Nd7 4. a4 Nf6 5. Nc3 g6 6. O-O Bg7 7. a5 a6 8. Be2
O-O 9. d3 b5 10. axb6 Bb7 11. Qd2 Nxb6 12. Qg5 Qd7 13. Nh4 e6 14. f4 d5 15. e5
Ne8 16. Qg4 f5 17. Qh3 d4 18. Nb1 Nc7 19. Nd2 Ncd5 20. Nb3 Rac8 21. Na5 Ba8 22.
Bd2 Rb8 23. Nb3 Na4 24. Nf3 Ndb6 25. Ba5 Rfc8 26. Bxb6 Rxb6 27. Ra2 Rb4 28. Rfa1
Bd5 29. Nfd2 Bf8 30. Qg3 Rcb8 31. h4 Be7 32. h5 Kf7 33. Kf2 Rg8 34. hxg6+ hxg6
35. Qh3 Rg7 36. Nc4 Bc6 37. Bf3 Bb5 38. Be2 Qc7 39. Nbd2 Nb6 40. Nxb6 Qxb6 41.
b3 Qd8 42. Rh1 Bf8 43. Nf3 Be7 44. Nd2 Qb6 45. Qh8 Qd8 1/2-1/2

[Event "24th ch-EUR Indiv w 2024"]
[Site "Rhodes GRE"]
[Date "2024.04.25"]
[Round "6.54"]
[White "Skuhala, Barbara"]
[Black "Stojkovska, Monika"]
[Result "1-0"]
[WhiteTitle "WFM"]
[BlackTitle "WFM"]
[WhiteElo "2162"]
[BlackElo "2057"]
[WhiteFideId "14605465"]
[BlackFideId "15002594"]
[EventDate "2024.04.19"]

1. e4 e6 2. d4 d5 3. Nc3 Nf6 4. Bg5 dxe4 5. Nxe4 Be7 6. Nxf6+ Bxf6 7. Bxf6 Qxf6
8. Nf3 c5 9. Bb5+ Bd7 10. Bxd7+ Nxd7 11. Qe2 cxd4 12. O-O-O O-O 13. Rxd4 Rfd8
14. Rhd1 Nc5 15. Qe3 b6 16. Ne5 Rxd4 17. Qxd4 h6 18. f4 a5 19. g3 Qe7 20. Qd6
Qxd6 21. Rxd6 f6 22. Nd3 Rc8 23. Nxc5 Rxc5 24. Rxb6 Kf7 25. a4 Rc7 26. Rb5 Ra7
27. c3 g5 28. Kd2 Ke7 29. Ke3 Kd6 30. Ke4 f5+ 31. Kd4 gxf4 32. gxf4 h5 33. Rb6+
Kc7 34. Rxe6 Kd7 35. Rf6 1-0

[Event "24th ch-EUR Indiv w 2024"]
[Site "Rhodes GRE"]
[Date "2024.04.25"]
[Round "6.55"]
[White "Peglau, Charis"]
[Black "Silva, Mariana Sofia T."]
[Result "1/2-1/2"]
[WhiteTitle "WFM"]
[BlackTitle "WCM"]
[WhiteElo "2161"]
[BlackElo "1980"]
[WhiteFideId "16219996"]
[BlackFideId "1911899"]
[EventDate "2024.04.19"]

1. Nf3 d5 2. b3 c5 3. Bb2 Nf6 4. e3 g6 5. c4 dxc4 6. Bxc4 Bg7 7. d4 cxd4 8. Nxd4
O-O 9. O-O a6 10. a4 Bd7 11. Nd2 Nc6 12. N2f3 Rc8 13. Rc1 Na5 14. Ne5 Nxc4 15.
Nxc4 b5 16. axb5 Bxb5 17. Nxb5 axb5 18. Na3 Rxc1 19. Qxc1 Qb8 20. h3 Rc8 21. Qa1
Qb7 22. Rc1 Rxc1+ 23. Qxc1 Ne4 24. Bxg7 Kxg7 25. Qa1+ f6 26. b4 Qc6 27. Qb2 Qd5
28. Qc2 Nd6 29. Nb1 Ne4 30. Nc3 Nxc3 31. Qxc3 Qd1+ 32. Kh2 Qd6+ 33. g3 Qd5 34.
Qc7 Kf7 35. Qc3 Qc4 36. Qd2 Kg7 1/2-1/2

[Event "24th ch-EUR Indiv w 2024"]
[Site "Rhodes GRE"]
[Date "2024.04.25"]
[Round "6.56"]
[White "Stefanova, Antoaneta"]
[Black "Karaivanova, Petya"]
[Result "1/2-1/2"]
[WhiteTitle "GM"]
[BlackTitle "WFM"]
[WhiteElo "2447"]
[BlackElo "1909"]
[WhiteFideId "2902257"]
[BlackFideId "2919150"]
[EventDate "2024.04.19"]

1. c4 e6 2. g3 Nf6 3. Bg2 d5 4. Nf3 dxc4 5. Qa4+ Nbd7 6. Qxc4 c5 7. Qb3 Rb8 8.
a4 b6 9. d3 Bd6 10. Na3 a6 11. O-O O-O 12. Nc4 Bc7 13. Bd2 Bb7 14. Qa3 Bd5 15.
b4 b5 16. axb5 axb5 17. Ne3 Bd6 18. bxc5 Bxc5 19. Bb4 Qb6 20. d4 Bxb4 21. Qxb4
Rfc8 22. Rfc1 Be4 23. Bf1 Nd5 24. Nxd5 Bxd5 25. Nd2 Nf6 26. e3 Bc6 27. Rab1 Qd8
28. Rc5 Nd5 29. Qb3 b4 30. Ba6 Rc7 31. Qc4 Rb6 32. e4 Nc3 33. Rxb4 Ne2+ 34. Kf1
Rxb4 35. Qxb4 Nxd4 36. Qb6 Rc8 37. Qxd8+ Rxd8 38. f3 Rb8 39. Rc1 Rb2 40. Ke1
Rxd2 41. Kxd2 Nb3+ 42. Kc2 Nxc1 43. Kxc1 Kf8 44. Kd2 f5 45. exf5 Bxf3 46. fxe6
Bd5 47. Ke3 Bxe6 48. Kf4 Ke7 49. Kg5 Kf7 50. h4 h6+ 1/2-1/2

[Event "24th ch-EUR Indiv w 2024"]
[Site "Rhodes GRE"]
[Date "2024.04.25"]
[Round "6.57"]
[White "Zvereva, Marija"]
[Black "Hakimifard, Ghazal"]
[Result "1-0"]
[WhiteTitle "WIM"]
[BlackTitle "WGM"]
[WhiteElo "2049"]
[BlackElo "2253"]
[WhiteFideId "4121082"]
[BlackFideId "12506540"]
[EventDate "2024.04.19"]

1. e4 c5 2. Nf3 e6 3. g3 Nc6 4. Bg2 Nf6 5. d3 d5 6. Qe2 Be7 7. e5 Nd7 8. c4 dxc4
9. dxc4 Qc7 10. Bf4 Nd4 11. Nxd4 cxd4 12. h4 d3 13. Qe4 Qa5+ 14. Nc3 Nc5 15. Qe3
Na4 16. Qd2 Bb4 17. Rc1 O-O 18. O-O Rd8 19. h5 Rb8 20. h6 g6 21. Bg5 Rd4 22. a3
Bxc3 23. bxc3 Rxc4 24. Qxd3 b5 25. Bd8 Nb2 26. Qd6 Qa6 27. Qe7 Bd7 28. Qxd7 Qxa3
29. Be7 Qa5 30. Bd6 Qd8 31. Qxa7 Rbc8 32. Rb1 Na4 33. Qe3 Nxc3 34. Ra1 b4 35.
Bb7 Nd5 36. Bxd5 exd5 37. Qf3 Rc3 38. Qxd5 Qg5 39. Kg2 b3 40. Ra7 Qf5 41. Ra8 b2
42. Rxc8+ Rxc8 43. Qb7 Qc2 44. e6 1-0

[Event "24th ch-EUR Indiv w 2024"]
[Site "Rhodes GRE"]
[Date "2024.04.25"]
[Round "6.58"]
[White "Manko, Mariia"]
[Black "Hapala, Elisabeth"]
[Result "0-1"]
[WhiteTitle "WFM"]
[BlackTitle "WFM"]
[WhiteElo "2251"]
[BlackElo "2044"]
[WhiteFideId "14199220"]
[BlackFideId "1622080"]
[EventDate "2024.04.19"]

1. d4 Nf6 2. c4 e6 3. g3 Bb4+ 4. Bd2 Bxd2+ 5. Qxd2 d5 6. Nc3 O-O 7. Nf3 c6 8.
Bg2 Nbd7 9. Bf1 Nb8 10. Bg2 dxc4 11. O-O Nbd7 12. e4 b5 13. e5 Nd5 14. Ne4 Qb6
15. Qg5 h6 16. Qh5 c5 17. Rad1 cxd4 18. Nxd4 Bb7 19. Nd6 a6 20. N4f5 exf5 21.
Nxb7 Qxb7 22. Bxd5 Qc7 23. Bxa8 Rxa8 24. Qxf5 Nxe5 25. Rd5 Re8 26. Rfd1 Qe7 27.
R1d4 Nd3 28. b3 Qe1+ 29. Kg2 g6 30. Qf3 Nxf2 31. Rd8 Nd3 32. Rxe8+ Qxe8 33. Qe4
Qxe4+ 34. Rxe4 c3 35. Re2 c2 36. Rxc2 Ne1+ 37. Kf2 0-1